| 000 | 00542nam a2200193Ia 4500 | ||
|---|---|---|---|
| 999 |
_c8919 _d8919 |
||
| 003 | OSt | ||
| 005 | 20201008110225.0 | ||
| 008 | 190216s9999||||xx |||||||||||||| ||und|| | ||
| 020 | _a9788129702760 | ||
| 040 | _coclc | ||
| 082 |
_a005.133 _bDEI/C |
||
| 100 |
_aDeitel, P J _95342 |
||
| 245 | 0 |
_aC++ How To Program / _cP J Deitel ; H M Deitel |
|
| 250 | _a4th Ed. | ||
| 260 |
_bPearson Education Asia, _aNew Delhi: _c2004. |
||
| 300 | _a1331p | ||
| 650 | _aComputer | ||
| 942 |
_cBK _2ddc _h005.133 _iDEI/C _k005.133 _mDEI/C |
||